Statistiques concernant Culture Générale - Série 63

Cliquez ici pour prendre le quiz!

Statistiques générales

  • Ce quiz a été pris 325 fois
  • Le résultat moyen est 4 sur 10

Statistiques - réponses

QuestionRéponse% Correct
En l'honneur de quel dieu les bacchanales étaient-elles célébrées ?Bacchus
80%
Monstre fabuleux à tête de femme, à corps d'oiseau et à griffes acérées ou Femme méchante et acariâtreHarpie
53%
Comment appelle-t-on l'ouvrier qui fore ou répare les puits ?Puisatier
46%
Méduse, Euryale, Sthényo sont les trois ... .Gorgones
45%
Qu'est-ce qu'une carmagnole (vêtement) ?Veste
40%
Tendance à accorder des avantages aux membres de sa famille, à ses amis ou à ses relations indépendamment de leur valeur (=favoritisme)Nepotisme
39%
Qu'est-ce qu'une orfraie (oiseau) ?Aigle
33%
Formule exclamative arabe, se traduisant par "c'était écrit"Mektoub
16%
Suprématie politique et militaire d'une ville, d'un État, d'un peuple sur d'autres. Au figuré : domination souveraine exercée sur quelque chose.Hégémonie
12%
Qu'est-ce que le ratafia ?Liqueur
12%

Distribution des résultats

Percentile par nombre de réponses

% des personnes avec chaque résultat

Votre développement - résultats

Vous n’avez pas pris ce quiz